Living Japan
Guardado en:
| Autor principal: | |
|---|---|
| Formato: | Libro |
| Lenguaje: | Undetermined |
| Publicado: |
Garden City, N.Y.
Doubleday
1959
|
| Etiquetas: |
Agregar Etiqueta
Sin Etiquetas, Sea el primero en etiquetar este registro!
|
| Thư viện lưu trữ: | Trung tâm Học liệu Trường Đại học Cần Thơ |
|---|
| LEADER | 00417nam a2200169Ia 4500 | ||
|---|---|---|---|
| 001 | CTU_111472 | ||
| 008 | 210402s9999 xx 000 0 und d | ||
| 082 | |a 952 | ||
| 082 | |b K26 | ||
| 100 | |a Keene, Donald | ||
| 245 | 0 | |a Living Japan | |
| 245 | 0 | |c Donald Keene | |
| 260 | |a Garden City, N.Y. | ||
| 260 | |b Doubleday | ||
| 260 | |c 1959 | ||
| 904 | |i M.Loan | ||
| 980 | |a Trung tâm Học liệu Trường Đại học Cần Thơ | ||